Capital gains (Record no. 85171)
[ view plain ]
| 000 -LEADER | |
|---|---|
| fixed length control field | 01081cab a22002535a 4500 |
| 001 - CONTROL NUMBER | |
| control field | L160066 |
| 008 - FIXED-LENGTH DATA ELEMENTS--GENERAL INFORMATION | |
| fixed length control field | 180516e2018 xxk 000 0 eng d |
| 035 ## - SYSTEM CONTROL NUMBER | |
| System control number | (Sirsi) u160066 |
| 041 0# - LANGUAGE CODE | |
| Language code of text/sound track or separate title | eng |
| 100 1# - MAIN ENTRY--PERSONAL NAME | |
| Personal name | Falk, Nicholas |
| 245 00 - TITLE STATEMENT | |
| Title | Capital gains |
| Remainder of title | A better land assembly model for London |
| Medium | [electronic resource] |
| 260 ## - PUBLICATION, DISTRIBUTION, ETC. | |
| Place of publication, distribution, etc. | [S.L.] |
| Name of publisher, distributor, etc. | [s.n] |
| Date of publication, distribution, etc. | 2018 |
| 520 ## - SUMMARY, ETC. | |
| Summary, etc. | Looks at improving the way land is made available for house building in London aimed at accelerating the delivery of new homes in the Capital. Outlines a range of models drawing on international best practice and proposes improvements which could be made in the short term as well as those requiring change to statutory framework. |
| 590 ## - LOCAL NOTE (RLIN) | |
| Local note | NTK |
| 650 24 - SUBJECT ADDED ENTRY--TOPICAL TERM | |
| Topical term or geographic name entry element | LAND |
| 650 24 - SUBJECT ADDED ENTRY--TOPICAL TERM | |
| Topical term or geographic name entry element | HOUSE BUILDING |
| 650 24 - SUBJECT ADDED ENTRY--TOPICAL TERM | |
| Topical term or geographic name entry element | SOCIAL HOUSING |
| 651 #4 - SUBJECT ADDED ENTRY--GEOGRAPHIC NAME | |
| Geographic name | London |
| 690 ## - LOCAL SUBJECT ADDED ENTRY--TOPICAL TERM (OCLC, RLIN) | |
| Topical term or geographic name as entry element | Affordable housing |
| 9 (RLIN) | 6215 |
| 690 ## - LOCAL SUBJECT ADDED ENTRY--TOPICAL TERM (OCLC, RLIN) | |
| Topical term or geographic name as entry element | Land use |
| 9 (RLIN) | 6251 |
| 710 ## - ADDED ENTRY--CORPORATE NAME | |
| Corporate name or jurisdiction name as entry element | Urbed |
| 9 (RLIN) | 544 |
| 856 40 - ELECTRONIC LOCATION AND ACCESS | |
| Uniform Resource Identifier | <a href="https://www.london.gov.uk/sites/default/files/gla_capital_gains_report_.pdf">https://www.london.gov.uk/sites/default/files/gla_capital_gains_report_.pdf</a> |
| Public note | View the item free of charge from the www.london.gov.uk |
| 942 ## - ADDED ENTRY ELEMENTS (KOHA) | |
| Suppress in OPAC | 0 |
| Withdrawn status | Lost status | Source of classification or shelving scheme | Damaged status | Not for loan | Home library | Current library | Shelving location | Date acquired | Total Checkouts | Full call number | Barcode | Date last seen | Copy number | Price effective from | Koha item type |
|---|---|---|---|---|---|---|---|---|---|---|---|---|---|---|---|
| Dewey Decimal Classification | Virtual | Virtual | Online | 16/05/2018 | ONLINE PUBLICATION | 160066-2001 | 06/08/2019 | 1 | 06/08/2019 | Book |